[Event "FIDE WCCC U12 2018"]
[Site "Santiago de Compostela"]
[Date "2018.11.04"]
[Round "1"]
[White "Asllani, Dorian"]
[Black "Yoo, Christopher Woojin"]
[Result "0-1"]
[WhiteElo "1694"]
[BlackElo "2407"]
[Annotator "TA"]
[PlyCount "51"]
[EventDate "2018.11.04"]
[EventType "swiss"]
[EventCountry "ESP"]
[SourceTitle "playchess.com"]
[Source "ChessBase"]
[SourceQuality "1"]

{[%evp 20,51,28,15,42,34,65,33,36,33,35,28,21,0,9,0,3,0,0,-41,7,7,4,-79,-28,-31,-27,-27,0,-33,-37,-33,-33,-34]} 1. d4 Nf6 2. c4 g6 3. Nc3 d5 4. cxd5 Nxd5 5. e4 Nxc3 6. bxc3 Bg7 7. Be3 c5 8. Rc1 Qa5 9. Qd2 O-O 10. d5 b6 {D85: Grünfeldindisch (Abtauschvariante, 7.Sf3 bzw nicht 7.Lc4)} (10... e6 11. c4 Qxd2+ 12. Kxd2 f5 13. Bxc5 Bh6+ 14. Be3 f4 15. Bc5 f3+ 16. Kc2 Rf7 17. Nxf3 Bxc1 18. Kxc1 {1-0 (36) Karpov,A (2616)-Ivanchuk,V (2771) Cap d'Agde 2012}) 11. Nf3 {LiveBook: 15 Partien} Bg4 12. Be2 Rd8 {Weiß steht etwas besser.} 13. h3 Bxf3 $1 14. Bxf3 $146 ({Vorgänger:} 14. gxf3 Nc6 15. h4 e6 16. h5 exd5 17. exd5 Rd7 18. hxg6 hxg6 {0-1 (35) Arzumanyan,S (2415)-Soederberg,K ICCF corr 1994}) 14... Nc6 {[%cal Bb8c6,Bc6e5,Be5d3][%mdl 32]} 15. O-O e6 16. Rfd1 Ne5 17. Be2 {Mit der Idee f4.} exd5 18. exd5 c4 $1 19. Rc2 Nd3 (19... Rac8 {with more complications.} 20. Bg5 Rd7 21. d6 Bf8 22. Qd5 Rxd6 23. Qxa5 Rxd1+ 24. Bxd1 bxa5 25. Be2 Nd3) 20. Bxd3 Rxd5 21. Qe2 {[#]} (21. Bxc4 $11 {bleibt in der Remisbreite.} Rxd2 22. Rcxd2) 21... cxd3 (21... Rad8 $1 $17 22. Rcd2 cxd3 23. Rxd3 Rxd3 24. Rxd3 Rxd3 25. Qxd3 h5) 22. Rxd3 $11 Rxd3 23. Qxd3 Qa4 24. Bd2 Qe8 25. Be3 Rd8 26. Qe2 {Precision: Weiß = 41%, Schwarz = 53%.} 0-1

[Event "FIDE WCCC U12 2018"]
[Site "Santiago de Compostela"]
[Date "2018.11.04"]
[Round "1"]
[White "Magalakis, Stefanos"]
[Black "Guo, Arthur"]
[Result "*"]
[WhiteElo "1685"]
[BlackElo "2333"]
[Annotator "TA"]
[PlyCount "64"]
[EventDate "2018.11.04"]
[EventType "swiss"]
[EventCountry "ESP"]
[SourceTitle "playchess.com"]
[Source "ChessBase"]
[SourceQuality "1"]

{[%evp 15,64,-10,-12,0,0,-54,-50,-33,-56,-39,-46,-84,405,-117,-115,-133,-92,-139,-132,-192,-107,-176,-168,-159,-168,-197,-198,-197,-103,-178,-160,-160,-160,-160,-161,-170,-156,-158,-136,-141,-97,-97,-90,-129,-133,-139,-114,-168,-172,-166,691]} 1. e4 c5 2. Nf3 d6 3. d4 cxd4 4. Nxd4 Nf6 5. Nc3 a6 6. Bg5 e6 7. Be2 Be7 8. Qd2 b5 {[%cal Bb7b5,Bb5b4][%mdl 32] LiveBook: 6 Partien} 9. Bf3 {B95: Sizilianisch (Najdorf-Variante mit 6.Lg5)} b4 (9... Ra7 10. Be3 Rd7 11. O-O Bb7 12. a3 O-O 13. Rfe1 Nc6 14. Nxc6 Bxc6 15. Rad1 Qb8 16. Bf4 Rc8 {0-1 (66) Espinosa Aranda,A (2403)-Arribas Lopez,A (2454) Porto Carras 2010}) 10. Nce2 $146 (10. Na4 $1 $11) ({Vorgänger:} 10. Na4 Nxe4 11. Bxe4 Bxg5 12. f4 d5 13. fxg5 dxe4 14. Qxb4 a5 15. Qd2 O-O 16. O-O-O Bb7 {0-1 (59) Hietanen,P (2310)-Martynov,A (2319) ICCF email 2009}) 10... Nxe4 $1 $15 11. Bxe4 {Schwarz steht etwas besser.} Bxg5 12. f4 Bh4+ 13. g3 Be7 $2 {[%mdl 8192] [#]} (13... d5 $17 {hält den Druck.} 14. Bd3 Be7) 14. Bg2 $2 (14. Bxa8 $18 Qb6 15. Be4) 14... d5 $17 15. O-O Qb6 16. Kh1 Bb7 17. Rae1 (17. a3 $17) 17... O-O (17... Nd7 $19 18. Rc1 O-O) 18. Ng1 (18. f5 $17 e5 19. Nf4) 18... Bf6 19. Ngf3 Nd7 20. Ne5 Nc5 21. Qe3 Qc7 (21... Ne4 $19 22. c4 bxc3 23. bxc3 Bxe5 24. fxe5 Qc7) 22. Rc1 (22. Ng4 $17 {war angesagt.}) 22... Bxe5 23. Qxe5 Qxe5 24. fxe5 Rfc8 25. Rf3 Nd7 26. Re3 Rc4 27. Rd1 Rac8 28. Bf1 R4c7 29. Bg2 a5 30. Bf1 Nc5 31. Bd3 (31. a3 $17 {ist eine bessere Verteidigung.}) 31... Ba6 $19 32. Bxa6 Rd7 $4 {[%mdl 8192] Precision: Weiß = 32%, Schwarz = 51%.} (32... Nxa6 $19 33. a3 Nb8 34. axb4 axb4) *

[Event "FIDE WCCC U12 2018"]
[Site "Santiago de Compostela"]
[Date "2018.11.04"]
[Round "1"]
[White "Magalakis, Stefanos"]
[Black "Guo, Arthur"]
[Result "0-1"]
[WhiteElo "1685"]
[BlackElo "2333"]
[Annotator "TA"]
[PlyCount "67"]
[EventDate "2018.11.04"]
[EventType "swiss"]
[EventCountry "ESP"]
[SourceTitle "playchess.com"]
[Source "ChessBase"]
[SourceQuality "1"]

{[%evp 15,67,0,-8,-18,0,-65,-59,-52,-27,-47,-17,-20,389,-134,-133,-134,-117,-152,-152,-187,-92,-200,-179,-178,-189,-195,-187,-202,-102,-192,-167,-166,-165,-165,-165,-165,-151,-159,-137,-141,-91,-100,-94,-139,-133,-130,-125,-162,-162,-166,-166,-210,-203,-193]} 1. e4 c5 2. Nf3 d6 3. d4 cxd4 4. Nxd4 Nf6 5. Nc3 a6 6. Bg5 e6 7. Be2 Be7 8. Qd2 b5 {[%cal Bb7b5,Bb5b4][%mdl 32] LiveBook: 6 Partien} 9. Bf3 {B95: Sizilianisch (Najdorf-Variante mit 6.Lg5)} b4 (9... Ra7 10. Be3 Rd7 11. O-O Bb7 12. a3 O-O 13. Rfe1 Nc6 14. Nxc6 Bxc6 15. Rad1 Qb8 16. Bf4 Rc8 {0-1 (66) Espinosa Aranda,A (2403)-Arribas Lopez,A (2454) Porto Carras 2010}) 10. Nce2 $146 (10. Na4 $11) ({Vorgänger:} 10. Na4 Nxe4 11. Bxe4 Bxg5 12. f4 d5 13. fxg5 dxe4 14. Qxb4 a5 15. Qd2 O-O 16. O-O-O Bb7 {0-1 (59) Hietanen,P (2310)-Martynov,A (2319) ICCF email 2009}) 10... Nxe4 $1 $15 11. Bxe4 {Schwarz steht etwas besser.} Bxg5 12. f4 $1 Bh4+ 13. g3 Be7 $2 {[%mdl 8192] [#]} (13... d5 $11) 14. Bg2 $2 ({Weiss braucht} 14. Bxa8 $18 Qb6 15. Qe3) 14... d5 $17 15. O-O Qb6 16. Kh1 Bb7 17. Rae1 O-O (17... Nd7 $19 18. Nf3 O-O) 18. Ng1 (18. f5 $17 e5 19. Nf4) 18... Bf6 19. Ngf3 Nd7 20. Ne5 Nc5 21. Qe3 Qc7 ({Besser ist} 21... Ne4 $19 22. a3 a5) 22. Rc1 (22. Ng4 $17 {ist wohl besser.}) 22... Bxe5 23. Qxe5 Qxe5 24. fxe5 Rfc8 25. Rf3 Nd7 26. Re3 Rc4 27. Rd1 Rac8 28. Bf1 R4c7 29. Bg2 a5 30. Bf1 Nb8 31. Bd3 Ba6 {Schwarz steht deutlich besser.} 32. Bxa6 Nxa6 33. Ra1 Nb8 34. a3 {Precision: Weiß = 38%, Schwarz = 56%.} 0-1

[Event "FIDE WCCC U12 2018"]
[Site "Santiago de Compostela"]
[Date "2018.11.04"]
[Round "1"]
[White "Pizzoferrato, Mattia"]
[Black "Kostolansky, Sebastian Lukas"]
[Result "0-1"]
[WhiteElo "1670"]
[BlackElo "2323"]
[Annotator "TA"]
[PlyCount "54"]
[EventDate "2018.11.04"]
[EventType "swiss"]
[EventCountry "ESP"]
[SourceTitle "playchess.com"]
[Source "ChessBase"]
[SourceQuality "1"]

{[%evp 9,54,41,56,13,18,0,0,0,0,0,19,4,11,7,0,-33,0,-53,0,0,-14,0,20,-34,-41,-66,-60,-60,-77,-181,-156,-352,-352,-343,-347,-364,-369,-416,-250,-1568,-1573,-1554,-1492,-2002,-1939,-29990,-29991]} 1. e4 g6 2. d4 Bg7 3. Be3 d6 4. Nc3 Nd7 5. Bc4 Ngf6 6. f3 {B06: Modern Defence} O-O 7. Nge2 c6 (7... e5 8. Qd2 c6 9. a4 Qe7 10. O-O Re8 {½-½ (10) Citra,D (2256)-Sredojevic,I (2367) Novi Sad 2017}) 8. Qd2 {The position is equal.} b5 9. Bb3 Bb7 10. O-O Qc7 11. a3 a5 12. Bh6 $146 ({Predecessor:} 12. Ng3 Ba6 {1-0 (36) Lauritson,J (1893)-Cleto,S (1883) Winnipeg 2004}) 12... b4 13. Nd1 ({White should play} 13. Bxg7 $11 Kxg7 14. Nd1) 13... c5 14. Bxg7 Kxg7 15. Ne3 Nb6 16. dxc5 (16. Rfc1 $11) 16... dxc5 $15 {[%cal Bd6c5,Bc5c4,Bc4b3][%mdl 32]} 17. Nc4 Ba6 18. Nxb6 Qxb6 19. Rf2 (19. Ba4 $17) 19... c4 $36 {[%mdl 2048] White is under strong pressure.} 20. Ba2 $2 {[#]} (20. Ba4 $17) 20... Rfd8 {[%cal Bf8d8,Bd8d2,Bd2e2][%mdl 32]} 21. Qe1 b3 22. cxb3 cxb3 23. Bb1 Qe3 24. Kf1 $2 (24. e5 Qxe5 25. Be4) 24... Rd2 25. e5 Nd5 {[#] ...Rc8 is the strong threat.} 26. Be4 Nf4 27. Bxa8 Rxe2 {Precision: White = 20%, Black = 59%.} 0-1

[Event "FIDE WCCC U12 2018"]
[Site "Santiago de Compostela"]
[Date "2018.11.04"]
[Round "1"]
[White "Merriman, James"]
[Black "Ghazarian, Kirk"]
[Result "0-1"]
[WhiteElo "1664"]
[BlackElo "2264"]
[Annotator "TA"]
[PlyCount "48"]
[EventDate "2018.11.04"]
[EventType "swiss"]
[EventCountry "ESP"]
[SourceTitle "playchess.com"]
[Source "ChessBase"]
[SourceQuality "1"]

{[%evp 12,48,26,19,23,12,14,20,25,0,31,27,56,43,45,66,69,74,72,64,53,47,39,27,29,25,27,39,77,68,77,62,56,20,34,0,0,-893,-873]} 1. d4 Nf6 2. c4 c6 3. Nc3 d5 4. Nf3 e6 5. Bg5 Nbd7 6. e3 Qa5 7. Be2 Ne4 {D52: Queen's Gambit Declined: Cambridge Springs Variation} 8. O-O Nxg5 9. Nxg5 dxc4 {The position is equal.} 10. Nf3 (10. f4 Be7 11. Bxc4 b5 12. Bb3 b4 13. Nce4 h6 14. Nf3 Ba6 15. Rf2 {½-½ (24) Gil Capape,J (2441)-Adla,D (2494) Aragon 2003}) 10... b5 11. a4 $1 {[%cal Ra4b5] axb5 is the strong threat.} b4 12. Ne4 Ba6 13. Rc1 $146 ({Predecessor:} 13. Qc2 Be7 14. Bxc4 Bxc4 15. Qxc4 {0-1 (41) Pellicer Cerezuela,M (1927)-Faro Perella,A (1938) Aragon 2014}) 13... Rc8 14. Bxc4 Be7 15. Bxa6 Qxa6 16. Qb3 O-O 17. Rc2 c5 18. Rfc1 {[%cal Re4c5]} cxd4 19. Nxd4 Rxc2 20. Qxc2 Nb6 21. Nc6 Nd5 22. Nxe7+ Nxe7 23. Ng5 {[%csl Gg5][%cal Rc2h7] [#]} g6 24. Qc5 $2 {[%mdl 8192]} (24. Qd1 $11) 24... Rc8 {Precision: White = 54%, Black = 85%.} 0-1

[Event "FIDE WCCC U12 2018"]
[Site "Santiago de Compostela"]
[Date "2018.11.04"]
[Round "1"]
[White "Rey Chimera, Luca"]
[Black "Wang, Jason"]
[Result "0-1"]
[WhiteElo "1650"]
[BlackElo "2229"]
[Annotator "TA"]
[PlyCount "98"]
[EventDate "2018.11.04"]
[EventType "swiss"]
[EventCountry "ESP"]
[SourceTitle "playchess.com"]
[Source "ChessBase"]
[SourceQuality "1"]

{[%evp 16,97,25,-12,45,0,14,-13,10,-176,-172,-160,-160,-262,-250,-431,-413,-387,-189,-320,-325,-310,-323,-320,-319,-474,-483,-506,-418,-393,-321,-315,-313,-305,-302,-348,-308,-339,-333,-359,-347,-594,-584,-576,-562,-758,-743,-777,-770,-839,-687,-695,-696,-1220,-1194,-1357,-1345,-5643,-5306,-29982,-29983,-29983,-29983,-29983,-29984,-29984,-29984,-29988,-29989,-29989,-29990,-29992,-29993,-29993,-29992,-29995,-29996,-29996,-29997,-29997,-29998,-29998,-29999,-29999]} 1. e4 c5 2. Nc3 e6 3. Nf3 a6 4. d4 cxd4 5. Nxd4 b5 6. Be3 Bb7 7. f3 Nf6 {B43: Sicilian: Kan Variation: 5 Nc3} 8. Qd2 Qc7 9. O-O-O {LiveBook: 15 Games} (9. g4 d6 10. g5 Nfd7 11. a4 b4 12. Nce2 d5 13. exd5 Bxd5 14. Nf4 g6 15. Nxd5 exd5 {1-0 (34) Savchenko,B (2569)-Svidler,P (2765) Moscow 2006}) 9... Bb4 (9... b4 $11 10. Nce2 d5) 10. Qe1 {[#] aiming for Ncxb5.} (10. Bf4 $5 {[%cal Rf4c7]} Qc8 11. Nde2 $11) 10... Be7 $146 (10... Bxc3 $5 11. Qxc3 Qxc3 12. bxc3 d5 $11) ({Predecessor:} 10... Bxc3 11. Qxc3 Qxc3 12. bxc3 d5 13. exd5 Bxd5 14. a4 bxa4 {1-0 (80) Litvinov,M (2125)-Januszkiewicz,W (1861) Budva 2013}) 11. Qf2 d6 {[%cal Bd7d6,Bd6e5][%mdl 32]} 12. Bxb5+ $2 (12. a3 $11) 12... axb5 $19 13. Ndxb5 Qc6 14. Bb6 (14. Qg3 $17 {was necessary.}) 14... Na6 15. e5 $2 (15. h4) 15... dxe5 16. Na7 Bc5 (16... Qc4 $142 17. Qf1 Qf4+ 18. Kb1 O-O) 17. Bxc5 (17. Nxc6 $142 Bxf2 18. Bxf2 Bxc6 19. Rhe1) 17... Qxc5 18. Qxc5 Nxc5 19. Nab5 Ke7 20. Rd6 (20. Rhe1 {might work better.}) 20... Nd5 21. Rd1 Ne3 22. Re1 Nc4 23. Rdd1 f6 24. b3 Nb6 25. Kb2 Rhd8 26. a4 Nd5 27. Ra1 Nf4 28. Red1 $2 (28. g3 Ncd3+ 29. cxd3 Nxd3+ 30. Kc2) 28... Rxd1 29. Rxd1 Nxg2 30. Rd6 Bxf3 31. Rb6 Ne3 32. Kb1 Nd5 33. Nxd5+ Bxd5 34. a5 Nd7 35. Rd6 Rxa5 36. c4 {[#]} Rxb5 $1 37. Rxd7+ (37. cxb5 Kxd6) 37... Kxd7 {Black mates.} 38. cxb5 Bxb3 {[%mdl 4096] Endgame KB-KPP} 39. Kb2 Bc4 40. b6 Kc6 41. Ka1 Kxb6 {KB-KP} 42. Kb2 Kc5 43. Ka1 Kb4 44. Kb2 f5 45. Ka1 Kc3 46. Kb1 f4 47. Ka1 f3 48. Kb1 f2 {[%cal Rf2f1]} 49. Ka1 f1=R# {Precision: White = 10%, Black = 57%.} ({Black should try} 49... f1=Q#) 0-1

[Event "FIDE WCCC U12 2018"]
[Site "Santiago de Compostela"]
[Date "2018.11.04"]
[Round "1"]
[White "Erkhes, Bayartnar"]
[Black "Flores Quillas, Diego Saul Rodri"]
[Result "0-1"]
[WhiteElo "1638"]
[BlackElo "2205"]
[Annotator "TA"]
[PlyCount "96"]
[EventDate "2018.11.04"]
[EventType "swiss"]
[EventCountry "ESP"]
[SourceTitle "playchess.com"]
[Source "ChessBase"]
[SourceQuality "1"]

{[%evp 18,96,122,128,187,114,126,79,126,122,149,151,153,148,147,159,208,208,245,239,252,241,722,236,213,191,191,212,224,185,235,30,163,-43,-37,-40,-33,-244,-252,-249,-249,-250,-245,-223,-228,-245,-250,-245,-216,-218,-206,-200,-117,-117,-127,-131,-104,-111,-129,-217,-212,-212,-211,-461,-456,-455,-309,-306,-271,-265,-258,-587,-525,-5643,-5639,-5639,-5639,-3887,-4727,-5639,-5639]} 1. e4 c5 2. Nf3 e6 3. g3 Nc6 4. Bg2 Nf6 5. Qe2 d5 (5... Be7 6. O-O O-O 7. Rd1 e5 8. c3 Re8 9. Na3 Bf8 10. d3 d5 11. exd5 Nxd5 12. Ng5 h6 13. Ne4 f5 {1-0 (65) Artemiev,V (2706)-Morozevich,A (2656) Sochi 2018}) 6. exd5 {B40: Sicilian: 2...e6, Unusual lines} Nxd5 7. O-O Be7 8. Rd1 Bf6 9. Nc3 Nxc3 10. dxc3 {LiveBook: 5 Games} Qe7 (10... Qb6 $16) 11. Bf4 $146 (11. Nd2 $18) ({Predecessor:} 11. Nd2 Qc7 12. Ne4 Be7 {1-0 (85) Diamant,A (2472)-Rosen,E (2414) Saint Louis 2015}) 11... e5 $16 12. Nxe5 Nxe5 13. Bxe5 Bxe5 14. Re1 $1 O-O {White must now prevent ...Re8.} 15. Qxe5 Be6 16. f4 Qd7 17. Qxc5 Rfd8 18. f5 Bxf5 19. Re7 Qd6 $2 {[#]} (19... Qc8 20. Rc7 Qe6 21. Rxb7 g6) 20. Qxd6 $2 (20. Re8+ $1 {[%mdl 512]} Rxe8 21. Qxd6) 20... Rxd6 $18 21. Rae1 {White threatens Re8+ and mate.} g6 22. Rxb7 Rad8 23. c4 Be6 24. c5 $2 (24. Rxa7 Rd1 $16) (24. Bd5 $18) 24... Rd2 (24... Rd1 $1 $11 {and Black is okay.} 25. Kf2 R1d2+ 26. Re2 Bc4) 25. c3 $2 (25. c6 $18) 25... Rxg2+ $1 $15 26. Kxg2 {[%mdl 4096] Endgame KRR-KRB} Bd5+ 27. Kh3 $2 ({White should try} 27. Kg1 $15 Bxb7 28. Re7 Rd1+ 29. Kf2) 27... Bxb7 $19 {KRB-KR} 28. Re7 Bc8+ 29. Kg2 Bd7 30. Kf2 Kf8 31. Re2 Bb5 32. Rc2 Rd1 33. c4 Bc6 34. b4 a6 (34... Be4 $19 35. Rc3 Rd3) 35. Rb2 $17 Be4 36. Ke3 Rb1 $1 {[%cal Rb1b2]} 37. Rxb1 Bxb1 {KB-KP} 38. a4 {[#]} (38. Kd4 $17 Bxa2 39. c6) 38... Bc2 $1 $19 39. a5 {[#]} Ba4 $1 40. c6 $2 (40. Kd4 {keeps fighting.} Ke7 41. Kd5) 40... Bxc6 41. Kd4 {intending Kc5.} Ke7 42. Kc5 Bf3 43. Kb6 Be2 44. b5 $2 (44. Kc5 {nothing else works.}) 44... axb5 {Black is clearly winning.} 45. cxb5 Kd6 46. a6 f5 47. a7 Bf3 48. Ka6 Ba8 {Precision: White = 41%, Black = 63%.} 0-1

[Event "FIDE WCCC U12 2018"]
[Site "Santiago de Compostela"]
[Date "2018.11.04"]
[Round "1"]
[White "Kalosha, Zhiulien Oleksii"]
[Black "Shen, Shiyan"]
[Result "0-1"]
[WhiteElo "1637"]
[BlackElo "2187"]
[Annotator "TA"]
[PlyCount "74"]
[EventDate "2018.11.04"]
[EventType "swiss"]
[EventCountry "ESP"]
[SourceTitle "playchess.com"]
[Source "ChessBase"]
[SourceQuality "1"]

{[%evp 24,74,18,-7,-12,-50,3,-64,119,112,125,114,107,59,47,7,12,9,27,20,17,0,0,16,37,-119,-113,-439,-468,-438,-453,-460,-462,-734,-701,-688,-683,-614,-582,-29991,-29992,-29992,-29971,-29969,-29972,-29966,-29967,-6697,-462,-5875,-5904,-5157,-4910]} 1. e4 c5 2. Nf3 d6 3. d4 cxd4 4. Nxd4 Nf6 5. Nc3 a6 6. f3 e5 7. Nb3 Be7 8. Be3 Be6 9. Qd2 h5 10. O-O-O Nbd7 11. Kb1 Rc8 12. g3 {B90: Sicilian Najdorf: Unusual White 6th moves, 6 Be3 Ng4 and 6 Be3 e5} b5 13. h3 {LiveBook: 3 Games} (13. Nd5 Nxd5 14. exd5 Bf5 15. Bd3 Bxd3 16. Qxd3 O-O 17. Rhg1 f5 18. h3 {1-0 (47) Aronian,L (2767)-Vachier Lagrave,M (2779) Saint Louis 2018}) 13... Nb6 14. Qf2 {The position is equal.} Nfd7 (14... Rxc3 $1 $15 15. Bxb6 (15. bxc3 Na4 $15) 15... Rxf3 16. Qxf3 Qxb6) 15. f4 $146 ({White should try} 15. Nd5 $11 Nxd5 16. exd5) ({Predecessor:} 15. Nd5 Bxd5 16. exd5 Nc4 17. Bc1 Qc7 18. Bd3 Ndb6 19. Be4 {1-0 (46) Dela Cruz,N (2343)-Lim,Z (2192) Kuala Lumpur 2013}) 15... b4 $2 (15... Rxc3 $1 $15 16. bxc3 Na4) 16. Nd5 $16 Nxd5 17. exd5 Bf5 18. Rc1 {Black must now prevent fxe5.} Be4 19. Bg2 Bxg2 20. Qxg2 a5 $1 21. fxe5 Nxe5 22. Nd4 O-O 23. Bf4 Bf6 24. g4 $2 {[#]} (24. Bxe5 $14 Bxe5 25. Nc6) 24... Nc4 $1 $36 {[%mdl 2048] Black is really pushing.} 25. Qf2 $2 {[%mdl 8192] [#]} (25. Rhd1 $17) 25... Qb6 $1 $19 26. Rhd1 {[#]} Na3+ $1 {[%mdl 512]} 27. Ka1 (27. bxa3 bxa3+) 27... Bxd4 28. Rxd4 {[#]} (28. Qxd4 $142 Qxd4 29. Rxd4 Nxc2+ 30. Rxc2 Rxc2 31. Kb1) 28... Nxc2+ $1 {[%mdl 512]} 29. Rxc2 Rxc2 30. Qg1 Rfc8 {( -> ...Qxd4!)} 31. Kb1 b3 32. a3 Rg2 33. Qd1 Rcc2 34. Bc1 Qc5 35. Re4 {[#]} Rxc1+ $1 {Black is clearly winning.} 36. Qxc1 Rg1 {[%csl Gc5][%cal Rg1c1]} 37. Re1 {[#]} Qc2+ $1 {[%mdl 512] Precision: White = 20%, Black = 66%.} 0-1

[Event "FIDE WCCC U12 2018"]
[Site "Santiago de Compostela"]
[Date "2018.11.04"]
[Round "1"]
[White "Davidov, Lazar"]
[Black "Milikow, Elie"]
[Result "0-1"]
[WhiteElo "1623"]
[BlackElo "2173"]
[Annotator "TA"]
[PlyCount "116"]
[EventDate "2018.11.04"]
[EventType "swiss"]
[EventCountry "ESP"]
[SourceTitle "playchess.com"]
[Source "ChessBase"]
[SourceQuality "1"]

{[%evp 22,116,8,0,2,0,8,-16,0,-7,-8,-35,-14,-12,-23,-124,-115,-107,-15,-20,-22,-39,-8,-20,-21,-39,-20,-43,-44,-30,0,0,0,0,0,0,0,0,0,-30,-30,-30,-30,-30,-30,-38,-30,-37,-37,-37,-37,-37,-39,-69,-40,-31,-31,-91,-91,-91,-91,-91,-91,-148,-148,-148,-148,-148,-148,-148,-148,-148,-148,-148,-148,-148,-148,-325,-319,-318,-304,-304,-303,-289,-269,-732,-721,-721,-664,-642,-493,-1982,-1828,-1764,-1585,-29988,-1200]} 1. d4 Nf6 2. Nf3 g6 3. c4 Bg7 4. Nc3 d5 5. e3 O-O 6. cxd5 Nxd5 7. Bd2 Nb6 8. Be2 Nc6 9. O-O {D94: Grünfeld: 4 Nf3 Bg7 5 e3} e5 10. Nxe5 Nxe5 11. dxe5 Bxe5 12. Qc2 {LiveBook: 12 Games} Qe7 13. Rfd1 c6 {[#]} 14. Be1 $146 ({Predecessor:} 14. a4 Be6 15. a5 Nc4 16. Be1 f5 {1-0 (33) Cvek,R (2517)-Boruchovsky,A (2539) Pardubice 2015}) 14... Bg7 15. Rd2 Be6 16. a3 Nc4 17. Bxc4 Bxc4 18. b3 (18. Ne2 $11 Be6 19. f3) 18... Be6 $17 19. b4 Rfd8 ({Better is} 19... a5 $17 20. Rdd1 Bg4) 20. Rxd8+ $1 $11 Rxd8 21. Rd1 h5 22. Rxd8+ Qxd8 23. Qd2 Qe7 24. Ne4 Bd5 25. Nc3 Bxc3 26. Qxc3 Qg5 {[%csl Gd5][%cal Rg5g2]} 27. e4 $1 Bxe4 {[%csl Ge4][%cal Rg5g2]} 28. f3 Bd5 29. Bd2 Qd8 (29... Qe7 {with more complications.} 30. Be3 b6 31. Bd4 Bb3 32. h3 Ba4) 30. Qe3 (30. Be3 {seems wilder.} b6 31. a4 f6 32. Qd4 Kf7 33. a5) 30... Qb6 31. Qxb6 axb6 {[%mdl 4096] Endgame KB-KB} 32. Be3 b5 33. Kf2 f6 34. g3 Kf7 35. Ke2 Bc4+ 36. Kd2 Ke6 37. Bf4 g5 38. Bc7 f5 39. f4 (39. Ke3 $15) 39... g4 $17 40. Kc3 Kd5 $1 41. Bd8 Bf1 42. Bc7 ({White should play} 42. Kd2) 42... Ke4 $1 43. Bd8 Kf3 44. Kd4 Kg2 45. Kc5 Kxh2 46. Bh4 Bg2 47. Kb6 Be4 48. Kc5 Kg2 49. Kb6 $2 (49. Kd4 $17) 49... Kf3 $1 $19 {[%cal Rf3e3]} 50. Kc5 {[#]} Ke3 $1 {[%cal Re3d2]} 51. Bf6 Kd3 52. Be7 Kc3 53. Bf8 $2 {[#]} (53. Kb6) 53... h4 $1 54. gxh4 g3 {[%cal Bg4g3,Bg3g2][%mdl 32]} 55. Kb6 {next h5 is good for White.} Bf3 56. Kc5 (56. Bc5 $142 Kd3 57. Kxb7) 56... g2 57. Bg7+ Kd3 58. Bd4 {[#]} Ke4 {Precision: White = 31%, Black = 68%.} (58... b6+ $142 $1 {[%mdl 512]} 59. Kd6 (59. Kxb6 Kxd4) 59... Kxd4 60. Kd7 g1=Q 61. Ke8 Qe1+ 62. Kd8 Qxh4+ 63. Ke8 Qxf4 64. Kd7 Qb8 65. Ke6 Qe8+ 66. Kd6 Qf7 67. a4 bxa4 68. b5 a3 69. bxc6 Bd5 70. c7 Qe6#) 0-1

[Event "FIDE WCCC U12 2018"]
[Site "Santiago de Compostela"]
[Date "2018.11.04"]
[Round "1"]
[White "Aragon, Ricardo"]
[Black "Droin, Augustin"]
[Result "0-1"]
[WhiteElo "1607"]
[BlackElo "2155"]
[Annotator "TA"]
[PlyCount "54"]
[EventDate "2018.11.04"]
[EventType "swiss"]
[EventCountry "ESP"]
[SourceTitle "playchess.com"]
[Source "ChessBase"]
[SourceQuality "1"]

{[%evp 16,54,-15,-33,5,-12,10,10,6,8,12,0,10,-104,-99,-89,-35,-137,-111,-170,-171,-219,-87,-214,-176,-253,-262,-279,-226,-609,-627,-659,-262,-253,-221,-391,-293,-1040,-1038,-1009,1019]} 1. e4 c5 2. Nc3 Nc6 3. g3 g6 4. Bg2 Bg7 5. f4 e6 6. d3 Nge7 7. Nf3 d5 8. O-O O-O 9. Rb1 Qb6 {[#] Droht stark ...Lxc3. B24: Sizilianisch (Geschlossenes System)} (9... b6 10. a3 dxe4 11. Nxe4 Bb7 12. b4 cxb4 13. axb4 Nd5 14. b5 Nd4 15. c4 Nf6 16. Ba3 Nxe4 17. dxe4 {0-1 (57) Grbac,I (2133)-Fercec,N (2450) Porec 2015}) 10. Bd2 c4+ 11. Kh1 cxd3 {Die Stellung ist ausgeglichen.} 12. cxd3 Qa6 13. Ne1 $146 ({Vorgänger:} 13. Qb3 Qxd3 14. Nxd5 Qxe4 {1-0 (39) Rakhorst,W-Larrass,I ICCF corr 1992}) 13... Rd8 14. exd5 (14. b4 $11 {hält das Gleichgewicht.} Nd4 15. b5) 14... exd5 $17 15. a3 Bf5 ({Günstiger ist} 15... h5 $17 16. b4 Nd4) 16. Bc1 ({Besser ist} 16. g4 $15 Be6 17. f5 gxf5 18. gxf5 Nxf5 19. Qh5) 16... Rac8 17. Na4 (17. g4 $17 {war einen Versuch wert.} Be6 18. f5 gxf5 19. gxf5 Nxf5 20. Qh5) 17... Nd4 $19 18. b4 Ne6 (18... Nb5 $19 {und Schwarz behält klar die Oberhand.} 19. Nf3 Nc3 20. Nxc3 Qxd3) 19. Qb3 (19. b5 $17 Bg4 20. bxa6 Bxd1 21. axb7) 19... b5 $36 {[%mdl 2048] [#] Schwarz bestimmt, wo es lang geht.} 20. Nb2 (20. Nc5 $142 $1 {[%mdl 512]} Nxc5 21. bxc5) 20... Nd4 21. Qa2 Nc2 {Und weiter mit ...Sxb4! wäre nett.} 22. Nxc2 $2 (22. Nd1 Qa4 23. Ne3 Nxe3 24. Bxe3) 22... Rxc2 23. Qb3 Rc3 $2 (23... Rdc8 24. Re1 R8c3 25. Qxc2 Rxc2) 24. Qd1 Qxa3 25. Qe1 $2 (25. g4 Be6 26. f5 gxf5 27. Bg5) 25... Nc6 26. Qd2 $2 (26. g4 Bxg4 27. Nc4) 26... Qa2 27. Nd1 Bf8 $4 {[%mdl 40960] Precision: Weiß = 10%, Schwarz = 26%. . Loss on Time!?} (27... Rc2 $19 28. Rb2 Rxd2 29. Rxd2 Qb3) 0-1